00892nam a2200205 a 450000100100000000500170001000800410002702000180006804000250008608200140011124500870012526000400021230000270025249000260027959000280030595201120033395201120044595201120055799900170066900004707520201002053334.0180416s2015 dr a 000 spa d a9789945192520 aDO-SdBNPbspacBNPHU axxxbR425 0aReligión 4 :. :bformación humana, integral y religiosa, educación primaria. aSanto Domingo :bSantillana,c2015. a127 p. :bil ;c28 cm. aProyecto Todos juntos aInventariado, 2018 / DG 0010718PDaGRbGRcHDd2018-04-16iLF1l0oxxx R425p47075-30r2020-06-25w2020-06-25yLFPDZNo se presta 0010718PDaPDbPDcHDd2018-04-16iLF1l0oxxx R425p47075-10r2020-06-25w2020-06-25yLFPDZNo se presta 0010718PDaPDbPDcHDd2018-04-16iLF1l0oxxx R425p47075-20r2020-06-25w2020-06-25yLFPDZNo se presta c46563d46563